00729nam a22002297a 45000050016000000080041000160100051000570200026001080350013001340350017001470350013001640370016001770370010001930400017002030820012002201000029002322450067002612600044003282700046003723000029004185000052004472008070702242.0080707t xxu||||| |||| 00| 0 eng d aENG-90468 B-308450-457 B-357596 a9788120334373c250.00 aEN-74001 aB-308450-457 aB-357596 bDBAD /PUB  bUBH  adplbEnglish a530.11  aSrivastava, Sushil Kumar aGeneral relativity and cosmology /cby Sushil Kumar Srivastava aNew DelhibPrentice-Hall of Indiac2008 aM-97, Connaught CircusbNew Delhie110001 axiii, 253p.c23cm (pbk) aincludes bibliographical references and index